Catálogo

San Francisco de Asís / (Registro nro. 21261)

Detalles MARC
000 -LEADER
fixed length control field 01047cam a2200289 i 4500
001 - CONTROL NUMBER
control field 21261
003 - CONTROL NUMBER IDENTIFIER
control field Mx-PuUPA
005 - DATE AND TIME OF LATEST TRANSACTION
control field 20260312114337.0
008 - FIXED-LENGTH DATA ELEMENTS--GENERAL INFORMATION
fixed length control field 140415s1977 it a gr 001 0 spa d
040 ## - CATALOGING SOURCE
Transcribing agency Mx-PuUPA
Original cataloging agency Mx-PuUPA
Language of cataloging spa
Modifying agency Mx-PuUPA
Description conventions rda
041 0# - LANGUAGE CODE
Language code of text/sound track or separate title spa
100 1# - MAIN ENTRY--PERSONAL NAME
Personal name Turetta, Valentin,
9 (RLIN) 17897
Relator term autor
245 14 - TITLE STATEMENT
Title San Francisco de Asís /
Statement of responsibility, etc. Valentin Turetta ; ilustraciones del profesor G. Bizzotto ; traducción española: Ignacio Omaechevarria
264 #1 - PRODUCTION, PUBLICATION, DISTRIBUTION, MANUFACTURE, AND COPYRIGHT NOTICE
Place of production, publication, distribution, manufacture Perugia :
Name of producer, publisher, distributor, manufacturer Santuario Porziuncola,
Date of production, publication, distribution, manufacture, or copyright notice 1977
300 ## - PHYSICAL DESCRIPTION
Extent 62 páginas :
Other physical details ilustraciones (a color);
Dimensions 19 cm
336 ## - CONTENT TYPE
Fuente rdacontent
Content type term texto
Content type code txt
337 ## - MEDIA TYPE
Source rdamedia
Media type term sin medio
Media type code n
338 ## - CARRIER TYPE
Source rdacarrier
Carrier type term volumen
Carrier type code nc
600 04 - SUBJECT ADDED ENTRY--PERSONAL NAME
Personal name Francisco de Asís,
Titles and other words associated with a name San,
Dates associated with a name 1182-1226
General subdivision Biografía
650 #7 - SUBJECT ADDED ENTRY--TOPICAL TERM
Source of heading or term armarc
Topical term or geographic name entry element Franciscanos
650 #7 - SUBJECT ADDED ENTRY--TOPICAL TERM
Source of heading or term armarc
Topical term or geographic name entry element Santos
General subdivision Biografías
700 1# - ADDED ENTRY--PERSONAL NAME
Personal name Bizzotto, G.
Relator term ilustrador
700 1# - ADDED ENTRY--PERSONAL NAME
Personal name Omaechevarría, Ignacio,
Relator term traductor
942 ## - ADDED ENTRY ELEMENTS (KOHA)
Source of classification or shelving scheme Dewey Decimal Classification
Koha item type Libro
Classification part 270.092
Item part T5218
Existencias
Withdrawn status Lost status Source of classification or shelving scheme Damaged status Not for loan Collection code Home library Current library Shelving location Date acquired Source of acquisition Total Checkouts Full call number Barcode Date last seen Price effective from Koha item type
    Dewey Decimal Classification     General Centro de Estudios Guadalupanos Centro de Estudios Guadalupanos Sala general 03/12/2013 Compra   270.092 T5218 1977 48442 23/03/2026 03/12/2013 Libro